000 00540nam a22001937a 4500
005 20251108164953.0
008 250721s1994 xx 000 0 ara d
082 1 4 _a214.1/مود
100 1 _aالمودودي، أبو الأعلى
245 1 0 _aحقيقة لا اله الا الله /
250 _aط2.
264 1 _aبيروت :
_bدار الجيل،
_c1994.
300 _a71ص.
650 1 7 _aالإسلام
650 1 7 _aأصول الدين الإسلامي
650 1 7 _aالتوحيد
942 _2ddc
_cBK
999 _c18735
_d18735